Thị trường chứng khoán có phải là casino ?
Nội dung sách gồm những sai lầm thường gặp trong đầu tư chứng khoán; Làm thế nào để nhận dạng một số cổ phiếu tốt trên sàn chứng khoán; kiến thức dành cho nhà đầu tư; Thị trường chứng khóan, những biến động khó lường....
Gardado en:
| Formato: | Libro |
|---|---|
| Idioma: | Undetermined |
| Publicado: |
Hà Nội
Thống kê
2007
|
| Những chủ đề: | |
| Các nhãn: |
Engadir etiqueta
Sen Etiquetas, Sexa o primeiro en etiquetar este rexistro!
|
| Thư viện lưu trữ: | Trung tâm Học liệu Trường Đại học Cần Thơ |
|---|
| LEADER | 00937nam a2200193Ia 4500 | ||
|---|---|---|---|
| 001 | CTU_129212 | ||
| 008 | 210402s9999 xx 000 0 und d | ||
| 020 | |c 43000 | ||
| 082 | |a 332.642 | ||
| 082 | |b Th300 | ||
| 245 | 0 | |a Thị trường chứng khoán có phải là casino ? | |
| 245 | 0 | |c Nguyễn Đình Nhơn biên soạn | |
| 260 | |a Hà Nội | ||
| 260 | |b Thống kê | ||
| 260 | |c 2007 | ||
| 520 | |a Nội dung sách gồm những sai lầm thường gặp trong đầu tư chứng khoán; Làm thế nào để nhận dạng một số cổ phiếu tốt trên sàn chứng khoán; kiến thức dành cho nhà đầu tư; Thị trường chứng khóan, những biến động khó lường. | ||
| 650 | |a Bank marketing,Stock exchange,Chứng khoán | ||
| 904 | |i Tuyễn | ||
| 980 | |a Trung tâm Học liệu Trường Đại học Cần Thơ | ||